La Patria de Colón (Record no. 166769)

MARC details
000 -LEADER
campo de control de longitud fija 00762nam a2200169 i 4500
001 - NÚMERO DE CONTROL
campo de control 166769
003 - IDENTIFICADOR DE NÚMERO DE CONTROL
campo de control ES-MaACL
005 - FECHA Y HORA DE LA ÚLTIMA TRANSACCIÓN
campo de control 20230906213410.0
008 - DATOS DE LONGITUD FIJA--INFORMACIÓN GENERAL
campo de control de longitud fija 990127s1892 sp |||| | spa d
040 ## - FUENTE DE CATALOGACIÓN
Centro catalogador/agencia de origen CCPB | B
Lengua de catalogación spa
Centro/agencia transcriptor CCPB | B
100 0# - ENTRADA PRINCIPAL--NOMBRE DE PERSONA
Nombre de persona Laurencín, Francisco Rafael de Uhagón
Títulos y otros términos asociados al nombre Marqués de.
9 (RLIN) 70617
245 13 - MENCIÓN DEL TÍTULO
Título La Patria de Colón
Resto del título : según los documentos de las órdenes militares /
Mención de responsabilidad, etc. por Francisco R. de Uhagón.
260 ## - PUBLICACIÓN, DISTRIBUCIÓN, ETC.
Lugar de publicación, distribución, etc. Madrid :
Nombre del editor, distribuidor, etc. Librería de Fernando Fé,
Fecha de publicación, distribución, etc. 1892 (
Fabricante Tipografía de Ricardo Fé)
300 ## - DESCRIPCIÓN FÍSICA
Extensión 69 p. ;
Dimensiones 21 cm.
600 14 - PUNTO DE ACCESO ADICIONAL DE MATERIA--NOMBRE DE PERSONA
Nombre de persona Colón, Cristóbal-
Subdivisión general Biografías.
9 (RLIN) 39871
852 ## - LOCALIZACIÓN
Ubicación ES-MaACL
Número de control de estantería T-535-F-1
Nota libre -- Enc. hol., conservando la enc. original
-- -- An. ms.: Ded. del autor al Ateneo de Madrid
-- -- Enc. en un vol. facticio
Holdings
Estatus retirado Estado de pérdida Estado de daño No para préstamo Colección Biblioteca de origen Biblioteca actual Ubicación en estantería Fecha de adquisición Total de préstamos Signatura topográfica completa Código de barras Visto por última vez Precio de reemplazo Tipo de ítem Koha
        Colección de folletos Biblioteca del Ateneo de Madrid Biblioteca del Ateneo de Madrid Depósito folletos 17/01/2008   T-535-F-1 1174906 23/02/2023 23/02/2023 Folleto